00513nam a2200193Ia 450000500170000000800410001702000140005804000190007204100120009108200170010310000200012024500400014026000330018030000140021344000260022750400190025365000370027285000100030920240427153155.0131103s9999 xx 000 0 und d a237288486 aLoreto College aEnglish a371.33 bEDW aEdwards, R.P.A. aResources in SchoolscR.P.A.Edwards aLondonbEvans brothersc1973 aix,149p.  aEvens modern teaching aIncludes index aEducation - Resources in Schools aLCBED